BIBLIOTECA

SENCICO

Industriambiente : (Registro nro. 4021)

Detalles MARC
000 -LEADER
fixed length control field 01095nas a2200313Ia 4500
003 - CONTROL NUMBER IDENTIFIER
control field PE SENCICO BE
005 - DATE AND TIME OF LATEST TRANSACTION
control field 20251020182632.0
008 - FIXED-LENGTH DATA ELEMENTS--GENERAL INFORMATION
fixed length control field 230227c99999999xx |||||||||||| ||spa||
022 ## - INTERNATIONAL STANDARD SERIAL NUMBER
International Standard Serial Number 2340-2121
040 ## - CATALOGING SOURCE
Original cataloging agency PE SENCICO BE
Transcribing agency PE SENCICO BE
041 ## - LANGUAGE CODE
Language code of text/sound track or separate title spa
110 1# - MAIN ENTRY--CORPORATE NAME
Corporate name or jurisdiction name as entry element Infoedita Comunicación Profesional
9 (RLIN) 2377
245 10 - TITLE STATEMENT
Title Industriambiente :
Remainder of title gestión medioambiental y energética /
Statement of responsibility, etc. Infoedita Comunicación Profesional
260 ## - PUBLICATION, DISTRIBUTION, ETC.
Place of publication, distribution, etc. Madrid :
Name of publisher, distributor, etc. Infoedita ;
Date of publication, distribution, etc. 2014 -
300 ## - PHYSICAL DESCRIPTION
Extent v. :
Other physical details il. col. ;
Dimensions 30 cm.
310 ## - CURRENT PUBLICATION FREQUENCY
Current publication frequency Trimestral
500 ## - GENERAL NOTE
General note Descripción basada en: N° 4, ene.-mar. 2004
650 10 - SUBJECT ADDED ENTRY--TOPICAL TERM
Topical term or geographic name entry element Medio ambiente
9 (RLIN) 2292
650 20 - SUBJECT ADDED ENTRY--TOPICAL TERM
Topical term or geographic name entry element Política ambiental
9 (RLIN) 2325
650 20 - SUBJECT ADDED ENTRY--TOPICAL TERM
Topical term or geographic name entry element Análisis del impacto ambiental
9 (RLIN) 1662
650 20 - SUBJECT ADDED ENTRY--TOPICAL TERM
Topical term or geographic name entry element Protección ambiental
9 (RLIN) 953
650 20 - SUBJECT ADDED ENTRY--TOPICAL TERM
Topical term or geographic name entry element Industrias
9 (RLIN) 2378
650 20 - SUBJECT ADDED ENTRY--TOPICAL TERM
Topical term or geographic name entry element Industria energética
9 (RLIN) 2379
650 20 - SUBJECT ADDED ENTRY--TOPICAL TERM
Topical term or geographic name entry element Política energética
9 (RLIN) 2380
650 20 - SUBJECT ADDED ENTRY--TOPICAL TERM
Topical term or geographic name entry element Recursos energéticos
9 (RLIN) 2381
866 ## - TEXTUAL HOLDINGS--BASIC BIBLIOGRAPHIC UNIT
Existencias 2014 : No. 4 (ene.-mar.), No. 5 (abr.-jun.), No. 6 (jul.-set.), No. 7 (oct.-dic.)
910 ## - USER-OPTION DATA (OCLC)
User-option data hfp
-- hfp
-- hfp
942 ## - ADDED ENTRY ELEMENTS (KOHA)
Koha item type Revista
Existencias
Fecha de la última vez que lo usaron Pago total Signatura topográfica completa Código de barras Precio efectivo desde Tipo de documento Estado perdido Estado dañado No es para préstamo Retirado Ubicación permanente Ubicación actual Fecha de adquisición
28/02/2023   No. 4; ene. - mar. 2014 BibLima24070024 28/02/2023 Revista         Biblioteca Central Lima Biblioteca Central Lima 28/02/2023
03/07/2024   No. 5; abr. - jun. 2014 BibLima24070025 03/07/2024 Revista         Biblioteca Central Lima Biblioteca Central Lima 03/07/2024
03/07/2024   No. 6; jul. - set. 2014 BibLima24070026 03/07/2024 Revista         Biblioteca Central Lima Biblioteca Central Lima 03/07/2024
03/07/2024   No. 7; oct. - dic. 2014 BibLima24070027 03/07/2024 Revista         Biblioteca Central Lima Biblioteca Central Lima 03/07/2024